Normal view
MARC view
Entry Personal Name
001 - CONTROL NUMBER
- control field: 15383
003 - CONTROL NUMBER IDENTIFIER
- control field: OSt
005 - DATE AND TIME OF LATEST TRANSACTION
- control field: 20211122160253.0
008 - FIXED-LENGTH DATA ELEMENTS
- fixed length control field: 211122|| aca||aabn | a|a d
040 ## - CATALOGING SOURCE
- Original cataloging agency: OSt
- Transcribing agency: OSt
100 ## - HEADING--PERSONAL NAME
- Personal name: Shillingburg L,Peter
670 ## - SOURCE DATA FOUND
- Source citation: Work cat.: (OSt): Shillingburg L,Peter, From Gutenberg to Google, 2006
